Célébrités ayant été espions - Statistiques

Statistiques générales
  • Ce quiz a été pris 99 fois
  • Le résultat moyen est 6 sur 12
Statistiques - réponses
Indice Réponse % Correct
Cet actuel président de la Russie aura été membre du KGB pendant 20 ans, effectuant notamment des missions à Dresde en RDA. Vladimir Poutine
100%
Cette grande couturière française célèbre pour ses parfums et son sens de la mode aura été espionne pour le compte des nazis durant la Seconde Guerre mondiale. Coco Chanel
83%
Ce 41ème président des États-Unis de 1989 à 1993 aura été auparavant directeur de la CIA. George H. W. Bush
66%
Cette vedette du music-hall états-unienne devenue française sera une honorable correspondante pour la DGSE durant la Seconde Guerre mondiale. Joséphine Baker
58%
Ce gallois, auteur notamment de Charlie et la Chocolaterie, aura été agent pour le MI6 aux États-Unis afin de les inciter à prendre part à la Seconde Guerre mondiale. Roald Dahl
47%
Ce créateur du personnage de James Bond aura été un des agents secrets les plus importants de la Seconde Guerre mondiale. Ian Fleming
43%
Cet homme, dont le nom est devenu synonyme de "séducteur", aura travaillé en tant qu'espion pour le compte de sa ville natale, Venise. Giacomo Casanova
41%
Danseuse et courtisane néerlandaise ayant travaillé comme espionne pour l'Allemagne contre la France durant la Première Guerre mondiale. Mata Hari
41%
Artiste ayant créé le droit d'auteur ainsi que les pièces Le Barbier de Séville et Le Mariage de Figaro, il aura aussi été membre du Secret du Roi. Beaumarchais
32%
Espion français œuvrant pour le Secret du Roi de Louis XV, il aura passé 49 ans de sa vie habillé en homme et 32 ans en femme. chevalier d'Éon
29%
Ce britannique, créateur du scoutisme, aura été agent de renseignement en Russie. Robert Baden-Powell
17%
Ce journaliste, grand reporter, écrivain et commentateur du Tour de France aura effectué des missions en URSS afin d'assassiner Trotski et Lénine pour la France. Albert Londres
6%
Aucun quiz correspondant
Distribution des résultats
% des personnes avec chaque résultat
Percentile par nombre de réponses
Votre historique - résultats
Vous n’avez pas pris ce quiz